00951nam a2200217 a 450000100100000000500170001000800410002704000250006808200170009310000570011024500590016726000410022630000270026759000750029460000350036965000740040465000420047891000370052095201590055799900170071600003496320240305135410.0111024s1970 sp 000 f spa d aDO-SdBNPbspacBNPHU a910.4bG216r1 aGarcía Márquez, Gabriel,b1928-2014d1928-9180410aRelato de un náufrago /cGabriel García Márquez. aBarcelona :bTusquets editor,c1970. a88 p. :bil. ;c18 cm. aPerteneció a la biblioteca personal de Juan Isidro Jimenes Grullón14aVELASCO, LUIS ALEJANDRO960554 4aSupervivencia después de accidentes aereos, naufragios, etc.960555 4aMarinoszColombiaxBiografía960556 aValidado. Control de calidad MFF 001050718MOaGRbGRcHDd2011-10-24iLF1l0o910.4 G216rp34963-10r2020-06-25w2020-06-25y1zBiblioteca Juan Isidro Jiménes GrullónZNo se presta c34454d34454